000 00564nam a22001697a 4500
005 20250604121747.0
008 250604b |||||||| |||| 00| 0 eng d
020 _a9 789280811612
050 _aHQ 1190 .P65 2009
100 _aJONASDOTTIR, ANNA G.
245 _aTHE POLITICAL INTERESTS OF GENDER REVISTED
_bREDOING THEORY AND RESEARCH WITH A FEMINIST FACE
260 _aNEW YORK
_bUNITED NATIONS UNIVERSITY PRESS
_c2009
500 _aINCLUDES INDEX,
650 _aTHE POLITICAL INTEREST OF GENDER REVISITED
700 _aJONES, KATHLEEN B.
942 _2lcc
_cBK
999 _c215563
_d215563